| 000 | 01053nam a22002177a 4500 | ||
|---|---|---|---|
| 999 |
_c33133 _d33133 |
||
| 003 | OSt | ||
| 005 | 20220629072149.0 | ||
| 008 | 140214b2022 slv spa | ||
| 040 | _cBMC | ||
| 082 | _a428 | ||
| 100 | 1 |
_aCortez Aguirre, Kimberli Tatiana _946382 |
|
| 245 | 1 | 0 |
_aTécnicas de enseñanza y aprendizaje del Idioma Inglés que padres bilingües pueden aplicar con sus hijos en la primera infancia _b: Investigación, informe final _cKimberli Tatiana Cortez Aguirre, Kevin Vladimir Valencia Martínez |
| 260 |
_aSanta Ana (El Salvador) _bUniversidad Católica de El Salvador _c2022 |
||
| 300 |
_a59 h. _bil. col _c27 cm _e+ 1 disco compacto |
||
| 500 | _aPrecede al tít.: Universidad Católica de El Salvador, Facultad de Ciencias y Humanidades | ||
| 502 | _aPara optar al grado académico de: Licenciatura en Idioma Inglés | ||
| 650 | 2 | 4 |
_918240 _aLengua inglesa _xMétodos |
| 700 | 1 |
_946383 _aValencia Martínez, Kevin Vladimir |
|
| 710 | 2 |
_91075 _aUniversidad Católica de El Salvador _bFacultad de Ciencias y Humanidades |
|
| 942 |
_2ddc _cTG |
||